<?xml version="1.0" encoding="UTF-8"?><?xml-stylesheet type="text/xsl" href="static/style.xsl"?><OAI-PMH xmlns="http://www.openarchives.org/OAI/2.0/" xmlns:xsi="http://www.w3.org/2001/XMLSchema-instance" xsi:schemaLocation="http://www.openarchives.org/OAI/2.0/ http://www.openarchives.org/OAI/2.0/OAI-PMH.xsd"><responseDate>2026-04-14T04:27:32Z</responseDate><request verb="GetRecord" identifier="oai:www.recercat.cat:20.500.14342/1698" metadataPrefix="marc">https://recercat.cat/oai/request</request><GetRecord><record><header><identifier>oai:recercat.cat:20.500.14342/1698</identifier><datestamp>2025-05-03T13:13:13Z</datestamp><setSpec>com_2072_482405</setSpec><setSpec>com_2072_183628</setSpec><setSpec>col_2072_482411</setSpec></header><metadata><record xmlns="http://www.loc.gov/MARC21/slim" xmlns:dcterms="http://purl.org/dc/terms/" xmlns:xsi="http://www.w3.org/2001/XMLSchema-instance" xmlns:doc="http://www.lyncode.com/xoai" xsi:schemaLocation="http://www.loc.gov/MARC21/slim http://www.loc.gov/standards/marcxml/schema/MARC21slim.xsd">
   <leader>00925njm 22002777a 4500</leader>
   <datafield ind2=" " ind1=" " tag="042">
      <subfield code="a">dc</subfield>
   </datafield>
   <datafield ind2=" " ind1=" " tag="720">
      <subfield code="a">Torralba Rosselló, Francesc</subfield>
      <subfield code="e">author</subfield>
   </datafield>
   <datafield ind2=" " ind1=" " tag="720">
      <subfield code="a">Tria, Núria</subfield>
      <subfield code="e">author</subfield>
   </datafield>
   <datafield ind2=" " ind1=" " tag="720">
      <subfield code="a">Rosàs Tosas, Mar</subfield>
      <subfield code="e">author</subfield>
   </datafield>
   <datafield ind2=" " ind1=" " tag="720">
      <subfield code="a">Palazzi, Cristian</subfield>
      <subfield code="e">author</subfield>
   </datafield>
   <datafield ind2=" " ind1=" " tag="720">
      <subfield code="a">Seguró, Miquel</subfield>
      <subfield code="e">author</subfield>
   </datafield>
   <datafield ind2=" " ind1=" " tag="260">
      <subfield code="c">2017-12-04</subfield>
   </datafield>
   <datafield ind2=" " ind1=" " tag="520">
      <subfield code="a">A menudo en el momento de estudiar los valores de los adolescentes, los adultos proyectamos en ellos nuestras viejas categorías y esquemas prefijados y elaboramos unas representaciones que no expresan la riqueza inherente a este colectivo. Esta proyección de un esquema previo no permite captar la complejidad, los matices y las diversas voces que se expresan en este segmento de ciudadanos. Este estudio tiene un título muy significativo: Escuchar su voz. Para escuchar atentamente, debe darse tiempo al otro, tiempo para que se exprese y se manifieste; debe ofrecerse un espacio digno y, sobre todo, liberarse de prejuicios y hacer posible el nexo empático entre el adulto y el adolescente.</subfield>
   </datafield>
   <datafield ind2=" " ind1=" " tag="520">
      <subfield code="a">Massa sovint a l’hora d’estudiar els valors dels adolescents, els adults projectem en ells les nostres velles categories i esquemes prefixats i elaborem unes representacions que no expressen la riquesa inherent a aquest col·lectiu. Aquesta projecció d’un esquema previ no permet captar la complexitat, els matisos i les diverses veus que s’expressen dins d’aquest segment de ciutadans. Aquest estudi té un títol molt significatiu: Escoltar la seva veu. Per escoltar atentament, cal donar temps a l’altre, temps perquè s’expressi i es manifesti; cal oferir-li un espai digne i, sobretot, alliberar-se de prejudicis i fer possible el nexe empàtic entre l’adult i l’adolescent.</subfield>
   </datafield>
   <datafield ind1="8" ind2=" " tag="024">
      <subfield code="a">http://hdl.handle.net/20.500.14342/1698</subfield>
   </datafield>
   <datafield tag="653" ind2=" " ind1=" ">
      <subfield code="a">Adolescents (Barcelona, Catalunya)</subfield>
   </datafield>
   <datafield tag="653" ind2=" " ind1=" ">
      <subfield code="a">Valors (Filosofia)</subfield>
   </datafield>
   <datafield tag="653" ind2=" " ind1=" ">
      <subfield code="a">Estils de vida</subfield>
   </datafield>
   <datafield ind2="0" ind1="0" tag="245">
      <subfield code="a">Escoltar la seva veu. Anàlisi qualitativa dels estils de vida dels adolescents a la ciutat de Barcelona i núvol dels seus valors</subfield>
   </datafield>
</record></metadata></record></GetRecord></OAI-PMH>